00730 a2200193 450000100060000002000180000604000260002410000220005024000400007224500350011230000070014736200090015465000310016394200070019495201090020195201090031095201000041999900170051948389 a9788526006485 cAnchieta - Bela Vista aColasanti, Marina10aO menino que achou uma estrelalpor10aO menino que achou uma estrela a160 a2003 4aLiteratura infanto-juvenil cBK 00104070a91.4b91.4d2023-11-21l0o028.5 C683o COL MENp303/BELr2023-11-21 17:39:45w2023-11-21yBK 00104070a91.4b91.4d2023-11-21l0o028.5 C683o COL MENp432/BELr2023-11-21 17:39:46w2023-11-21yBK 00104070a12.29b12.29d2024-03-27l0o028.5 C65mp2A194r2024-03-27 22:40:15w2024-03-27yBK c48389d48389